Famous TV Presenters - Sudden Death - Statistics

General Stats
  • This quiz has been taken 165 times
  • The average score is 26 of 50
Answers on the Grid
Answers color-coded by a green-red scale on the quiz's grid according to % correct below.
Johnny Carson
Clint Eastwood
Keanu Reeves
Alex Trebek
Steve Harvey
Cate Blanchett
Bob Barker
Saoirse Ronan
Oprah Winfrey
Michael Fassbender
Christian Bale
David Letterman
Tilda Swinton
Reese Witherspoon
Jay Leno
Richard Gere
Ellen DeGeneres
Bruce Willis
Jimmy Kimmel
Jimmy Fallon
Jean-Claude Van Damme
Conan O'Brien
Danny Trejo
Michael Caine
Tiger Woods
Ryan Seacrest
Wesley Snipes
Kylie Minogue
Walter Cronkite
Anderson Cooper
Nicole Kidman
Katie Couric
Eminem
Stephen Colbert
Jon Stewart
Alicia Vikander
Daniel Day-Lewis
Larry King
The Weeknd
Steve Irwin
Ray Liotta
Uma Thurman
Gordon Ramsay
John Legend
Montel Williams
Anthony Hopkins
Gayle King
Al Pacino
Bill O'Reilly
Edward Norton
Angelina Jolie
Rachel Maddow
Tucker Carlson
Julia Roberts
Benicio del Toro
Joe Pesci
Maury Povich
Jerry Springer
Kendrick Lamar
Shakira
Anderson Cooper
Jodie Foster
Tom Cruise
Graham Norton
Terry Crews
Robert De Niro
Bruce Forsyth
Gillian Anderson
Piers Morgan
Michael Parkinson
Daniel Craig
Jeremy Clarkson
Anne Robinson
Matthew McConaughey
Tom Hanks
Dermot O'Leary
Bruce Lee
Jonathan Ross
Gabby Logan
Idris Elba
Barbara Walters
Arsenio Hall
Carol Vorderman
Paul O'Grady
Michael Jordan
Ed Sullivan
Claudia Winkleman
Emma Stone
Davina McCall
Chris Tarrant
Sean Connery
Pat Sajak
Cat Deeley
Denzel Washington
Gary Oldman
Xzibit
Kate Winslet
Phillip Schofield
Joaquin Phoenix
Natalie Portman
 
Answer Stats
Answer % Correct
Oprah Winfrey
90%
David Letterman
79%
Ellen DeGeneres
76%
Jimmy Fallon
76%
Jimmy Kimmel
76%
Steve Harvey
75%
Johnny Carson
73%
Jay Leno
69%
Conan O'Brien
67%
Piers Morgan
65%
Jerry Springer
63%
Larry King
63%
Stephen Colbert
61%
Alex Trebek
58%
Bob Barker
58%
Graham Norton
58%
Ryan Seacrest
57%
Jon Stewart
54%
Gordon Ramsay
53%
Tucker Carlson
53%
Ed Sullivan
52%
Walter Cronkite
50%
Phillip Schofield
49%
Anderson Cooper
48%
Anderson Cooper
47%
Barbara Walters
47%
Jeremy Clarkson
47%
Jonathan Ross
47%
Maury Povich
47%
Steve Irwin
47%
Montel Williams
46%
Cat Deeley
45%
Claudia Winkleman
45%
Anne Robinson
44%
Pat Sajak
44%
Arsenio Hall
43%
Bill O'Reilly
43%
Chris Tarrant
42%
Davina McCall
42%
Dermot O'Leary
42%
Katie Couric
42%
Paul O'Grady
42%
Michael Parkinson
41%
Rachel Maddow
41%
Bruce Forsyth
40%
Carol Vorderman
40%
Gabby Logan
38%
Gayle King
37%
Terry Crews
22%
Xzibit
18%
No matching quizzes found
Score Distribution
Percent of People with Each Score
Percentile by Number Answered
Your Score History
You have not taken this quiz